000 00898cam a22002295a 4500
001 L143464
008 080513s2007 xxk f 000 0 eng d
020 _a9781857830514
035 _a(Sirsi) u143464
041 0 _aeng
050 0 4 _a333.33025
_c18
110 2 _aRoyal Institution of Chartered Surveyors
_94900
245 _aRICS directory 2007
260 _aLondon
_bWaterlow Professional Publishing Ltd
_c2007
300 _a2v.[700; 1347p.]
_c26cm
505 2 _aGeographical directory
_bList of members
520 _aProvides two listings of RICS members: A-Z and by geographical location. Includes a specialisations index,introduction to RICS Faculties and Forums, an explanat of member services, details of associated organisations and services, and RICS contacts.
650 2 4 _aMEMBERSHIP DIRECTORY
651 4 _aENGLAND AND WALES
690 _aABOUT RICS-RICS MEMBERS
942 _n0
999 _c108163
_d108163